|
|
|
|
| LEADER |
00000nam0a2200000 4500 |
| 001 |
98490 |
| 005 |
20231031111337.0 |
| 010 |
|
|
|a 5170329083
|
| 035 |
|
|
|a (RuTPU)RU\TPU\book\105575
|
| 090 |
|
|
|a 98490
|
| 100 |
|
|
|a 20060620d2005 m y0rusy50 ca
|
| 101 |
0 |
|
|a rus
|
| 102 |
|
|
|a RU
|
| 105 |
|
|
|a y z 000ay
|
| 200 |
1 |
|
|a Ужасные невинные
|e роман
|f В. Е. Платова
|
| 210 |
|
|
|a Москва
|c АСТ
|d 2005
|
| 215 |
|
|
|a 507 с.
|
| 330 |
|
|
|a ...Можно легко нарушить все десять заповедей и лишь одну, стоящую особняком, нарушать не рекомендуется: никогда не заговаривай с незнакомцами. Но именно это происходит с кинокритиком Максом. Неожиданная встреча с гламурной красавицей заставляет его полностью изменить жизнь, а поиски девушки обернутся кровавым путешествием от преступления к преступлению. Сменяющие друг друга жертвы — только ступеньки на пути к ускользающей цели. В мире, где жизнь и смерть — всего лишь виртуальные штампы, и не может быть по-другому. И дорога от человека к зверю оказывается дорогой к самому себе...
|
| 610 |
1 |
|
|a русская литература
|
| 610 |
1 |
|
|a романы
|
| 610 |
1 |
|
|a детективы
|
| 675 |
|
|
|a Р2
|v 3
|
| 700 |
|
1 |
|a Платова
|b В. Е.
|g Виктория Евгеньевна
|
| 801 |
|
1 |
|a RU
|b 63413507
|c 20060620
|g PSBO
|
| 801 |
|
2 |
|a RU
|b 63413507
|c 20061124
|g PSBO
|
| 942 |
|
|
|c BK
|
| 959 |
|
|
|a 57/20060619
|d 1
|e 160,38
|f ХФ:1
|